01116 2200337 4500001002100000005001500021035002000036020002200056082001400078084001600092100002700108245015700135250003600292300004500328650002800373264003200401336002100433337003000454338002300484040002200507090002200529850001200551999002200563007000300585008004100588504003300629700002900662700003700691700002800728990002200756INLIS00000000089342820250213125836 a0010-0225000510 a978-623-02-9291-004223a388.1 a388.1 ASE k0 aAsep SuhanaePengarang10aKeberhasilan proyek jalan tol KPBU :bpendekatan kriteria dan strategi efektif /cAsep Suhana, H. Pratikso, H. Rachmat Mudiyono; penyunting, Abdurrahman aCetakan Pertama: September 2024 ax, 242 halaman :btabel, gambar ;c23 cm 4aPengangkutan Jalan Raya31aSleman :bDeepublish,c2024 2rdacontentateks 2rdamediaatanpa perantara 2rdacarrieravolume aYOPDYOGbinderda aCB-D.11 2024-4980 aYOPDYOG aCB-D.11/2024-4980ta250213s2024 yoia g | ind d aBibliografi: halaman 221-2420 aPratikso,cH.ePengarang0 aRachmat Mudiyono,cH.ePengarang0 aAbdurrahmanePenyunting aCB-D.11/2024-4980